| 000 | 005750000a22001810004500 | ||
|---|---|---|---|
| 090 |
_aAR _b00813 |
||
| 245 | 1 | 0 | _aEstudio ecológico de la vegetación del Parque Nacional Natural Tayrona |
| 650 | 1 | 4 |
_aEcología vegetal _9353 |
| 650 | 1 | 4 |
_aClima _992779 |
| 650 | 1 | 4 |
_aBosques _992270 |
| 650 | 1 | 4 |
_aManglares _993259 |
| 651 | 4 |
_lParque Nacional Natural Tayrona _dMagdalena _pColombia _992749 |
|
| 041 | 0 | _aEspañol | |
| 700 | 1 |
_aRodríguez Guerrero, Pedro I. _93859 |
|
| 100 | 1 |
_aHernández Camacho, Jorge Ignacio _93657 |
|
| 942 | _cARTICULO | ||
| 773 | 1 |
_tPreprint _33 _q1-43 _d1987? |
|
| 999 |
_c9902 _d9902 |
||